Mi metodo de rejuvenecimiento por el injerto / (Record no. 141642)

MARC details
000 -LEADER
campo de control de longitud fija 00493nam a2200157 i 4500
001 - NÚMERO DE CONTROL
campo de control 141642
003 - IDENTIFICADOR DE NÚMERO DE CONTROL
campo de control ES-MaACL
007 - CAMPO FIJO DE DESCRIPCIÓN FÍSICA--INFORMACIÓN GENERAL
campo de control de longitud fija t|
008 - DATOS DE LONGITUD FIJA--INFORMACIÓN GENERAL
campo de control de longitud fija 070926s1924 sp ||||1| spa d
100 1# - ENTRADA PRINCIPAL--NOMBRE DE PERSONA
Nombre de persona Voronoff, Serge.
9 (RLIN) 115742
245 10 - MENCIÓN DEL TÍTULO
Título Mi metodo de rejuvenecimiento por el injerto /
Mención de responsabilidad, etc. Serge Voronoff ; traducción de Francisco Cañellas.
260 ## - PUBLICACIÓN, DISTRIBUCIÓN, ETC.
Lugar de publicación, distribución, etc. Madrid :
Nombre del editor, distribuidor, etc. M. Aguilar,
Fecha de publicación, distribución, etc. [1924]
300 ## - DESCRIPCIÓN FÍSICA
Extensión 290 p., 38 lám. ;
Dimensiones 23 cm.
700 1# - ENTRADA AGREGADA--NOMBRE PERSONAL
Nombre de persona Cañellas, Francisco.
9 (RLIN) 34746
852 ## - LOCALIZACIÓN
Ubicación ES-MaACL
Número de control de estantería E-860
Holdings
Estatus retirado Estado de pérdida Estado de daño No para préstamo Biblioteca de origen Biblioteca actual Ubicación en estantería Fecha de adquisición Fuente de adquisición Total de préstamos Signatura topográfica completa Código de barras Visto por última vez Precio de reemplazo Tipo de ítem Koha
        Biblioteca del Ateneo de Madrid Biblioteca del Ateneo de Madrid Depósito 2 17/01/2008     E-860 1147380 23/02/2023 23/02/2023 Libro impreso